000 00611nam a2200241Ia 4500
003 OSt
005 20221005100059.0
006 a|||||r|||| 00| 0
007 ta
008 221004b |||||||| |||| 00| 0 mar d
024 _a40397
037 _cTextual
040 _aCRL
_cCRL
_bmar
041 _2mar
_amar
082 _aV1:1.N5, 155J6
100 _aMaratha D.S.
_9620659
245 0 _aJagacha itihas
260 _aPune
_bDesmukh India
_c1956
300 _a1349p.
_ccm.
650 _aHISTORY
942 _hV1:1.N5, 155J6
_cTEXL
_2cc
999 _c1004601
_d1004601